000 01051 a2200277 4500
003 Nust
005 20170207154010.0
010 _a 2004296577
020 _a1565924916
035 _a(OCoLC)ocm52331373
040 _cNust
082 0 0 _a004.62
100 1 _aCarter, Gerald.
245 1 0 _aLDAP system administration- (E-BOOK)
_cGerald Carter.
250 _a1st ed.
260 _aBeijing ;
_aSebastopol, CA :
_bO'Reilly,
_cc2003.
300 _axii, 294 p. :
_bill. ;
_c24 cm.
500 _aIncludes index.
505 _aPart I: LDAP Basics Part II: Application Integration Part III: Appendixes
650 0 _aDirectory services (Computer network technology)
650 0 _aLDAP (Computer network protocol)
651 _aE-BOOK
856 4 2 _3Contributor biographical information
_uhttp://www.loc.gov/catdir/enhancements/fy0912/2004296577-b.html
856 4 2 _3Publisher description
_uhttp://www.loc.gov/catdir/enhancements/fy0715/2004296577-d.html
856 4 2 _3Table of contents only
_uhttp://www.loc.gov/catdir/enhancements/fy1003/2004296577-t.html
942 _2ddc
_cBK
999 _c191176
_d191176